Chefs lieux sans D - Statistiques

Statistiques générales
  • Ce quiz a été pris 9 fois
  • Le résultat moyen est 65 sur 90
Statistiques - réponses
Réponse % Correct
Marseille
100%
Nice
100%
Paris
100%
Rennes
100%
Amiens
88%
Angers
88%
Annecy
88%
Arras
88%
Blois
88%
Grenoble
88%
Lille
88%
Metz
88%
Nantes
88%
Orléans
88%
Saint-Étienne
88%
Strasbourg
88%
Toulouse
88%
Tours
88%
Versailles
88%
Ajaccio
75%
Albi
75%
Alençon
75%
Angoulême
75%
Aurillac
75%
Auxerre
75%
Avignon
75%
Bastia
75%
Bourg-en-Bresse
75%
Bourges
75%
Caen
75%
Carcassonne
75%
Châlons-en-Champagne
75%
Charleville-Mézières
75%
Colmar
75%
Évry-Courcouronnes
75%
Foix
75%
Gap
75%
Laon
75%
La Rochelle
75%
La Roche-sur-Yon
75%
Lyon
75%
Montpellier
75%
Nancy
75%
Nevers
75%
Nîmes
75%
Pau
75%
Périgueux
75%
Perpignan
75%
Poitiers
75%
Pontoise
75%
Quimper
75%
Saint-Brieuc
75%
Saint-Lô
75%
Toulon
75%
Troyes
75%
Tulle
75%
Vannes
75%
Vesoul
75%
Agen
63%
Auch
63%
Basse-Terre
63%
Beauvais
63%
Belfort
63%
Besançon
63%
Cayenne
63%
Chambéry
63%
Chartres
63%
Châteauroux
63%
Chaumont
63%
Créteil
63%
Évreux
63%
Guéret
63%
Le Puy-en-Velay
63%
Lons-le-Saunier
63%
Mâcon
63%
Melun
63%
Montauban
63%
Nanterre
63%
Niort
63%
Privas
63%
Rouen
63%
Tarbes
63%
Valence
63%
Cahors
50%
Épinal
50%
Laval
50%
Le Mans
50%
Limoges
50%
Moulins
50%
Bobigny
38%
Aucun quiz correspondant
Distribution des résultats
% des personnes avec chaque résultat
Percentile par nombre de réponses
Votre historique - résultats
Vous n’avez pas pris ce quiz